[Event "BL 1516 SV Griesheim - USV TU Dresden"]
[Site "?"]
[Date "2016.03.12"]
[Round "10.3"]
[White "Socko, Bartosz"]
[Black "Tazbir, Marcin"]
[Result "1/2-1/2"]
[WhiteElo "2587"]
[BlackElo "2514"]
[PlyCount "66"]
[EventDate "2016.??.??"]

1. e4 c6 2. d4 d5 3. Nc3 dxe4 4. Nxe4 Nd7 5. Bd3 Ngf6 6. Ng5 e6 7. N1f3 Be7 8.
Qe2 h6 9. Ne4 Qc7 10. O-O b6 11. Nxf6+ Nxf6 12. Ne5 O-O 13. Bf4 Bd6 14. Rad1
Bb7 15. c4 c5 16. dxc5 Qxc5 17. Nd7 Qc6 18. Nxf6+ gxf6 19. Qg4+ Kh8 20. Bxd6
Rg8 21. Qe4 Qxe4 22. Bxe4 Bxe4 23. f3 Bc6 24. Kf2 Kg7 25. Rd4 f5 26. Rfd1 Rac8
27. g3 h5 28. Ke3 f6 29. b4 a6 30. Rb1 b5 31. Rc1 Kf7 32. c5 e5 33. Rh4 Rh8
1/2-1/2

[Event "BL 1516 SV Griesheim - USV TU Dresden"]
[Site "?"]
[Date "2016.03.12"]
[Round "10.4"]
[White "Krassowizkij, Jaroslaw"]
[Black "Dziuba, Marcin"]
[Result "1/2-1/2"]
[WhiteElo "2450"]
[BlackElo "2569"]
[PlyCount "120"]
[EventDate "2016.??.??"]

1. d4 d5 2. c4 e6 3. Nc3 c6 4. e4 dxe4 5. Nxe4 Bb4+ 6. Bd2 Qxd4 7. Bxb4 Qxe4+
8. Ne2 Na6 9. Bf8 Ne7 10. Bxg7 Rg8 11. Bf6 Qxc4 12. Ng3 Qf4 13. Bxe7 Kxe7 14.
Bxa6 Qb4+ 15. Qd2 Qxd2+ 16. Kxd2 bxa6 17. Rac1 Bb7 18. Ke3 Rad8 19. Rhd1 Rxd1
20. Rxd1 c5 21. Rc1 Kd6 22. Rc4 f5 23. f3 Rg7 24. b3 Bc6 25. Rh4 a5 26. Rh6 Rf7
27. Rh4 a4 28. bxa4 Bd5 29. a3 c4 30. Kd4 e5+ 31. Kc3 Kc5 32. Rh5 Rb7 33. Rxf5
Rb3+ 34. Kc2 Rxa3 35. Rxe5 Kd4 36. Re2 Ra2+ 37. Kb1 Rxa4 38. Nf5+ Kd3 39. Re5
Bf7 40. Kc1 Ra1+ 41. Kb2 Rg1 42. Re3+ Kd2 43. g4 Rc1 44. Re2+ Kxe2 45. Kxc1
Kxf3 46. Kd2 Bg6 47. Nd6 Bd3 48. g5 Kg4 49. Nf7 Kh3 50. Kc3 Kxh2 51. Nh6 Kg3
52. Ng8 Kf4 53. Nf6 Kxg5 54. Nxh7+ Kf5 55. Nf8 Ke5 56. Ng6+ Ke4 57. Ne7 a5 58.
Nc8 a4 59. Nd6+ Kd5 60. Nxc4 Bxc4 1/2-1/2

[Event "BL 1516 SV Griesheim - USV TU Dresden"]
[Site "?"]
[Date "2016.03.12"]
[Round "10.5"]
[White "Maiwald, Jens-Uwe"]
[Black "Chabanon, Jean-Luc"]
[Result "1-0"]
[WhiteElo "2447"]
[BlackElo "2455"]
[PlyCount "55"]
[EventDate "2016.??.??"]

1. Nf3 Nf6 2. g3 b5 3. Bg2 Bb7 4. d4 e6 5. O-O c5 6. c3 d5 7. a4 b4 8. a5 Nc6
9. a6 Bc8 10. c4 Qb6 11. cxd5 Nxd5 12. e4 Nc7 13. d5 Nd4 14. Nxd4 cxd4 15. Bf4
Bd7 16. Bxc7 Qxc7 17. d6 Qc5 18. e5 Rc8 19. Re1 f6 20. Bb7 Rd8 21. Nd2 g6 22.
Rc1 Qb5 23. Ne4 Bg7 24. exf6 Bh6 25. Rc7 Qb6 26. f7+ Kf8 27. Qg4 Bg7 28. Qg5
1-0

[Event "BL 1516 SV Griesheim - USV TU Dresden"]
[Site "?"]
[Date "2016.03.12"]
[Round "10.6"]
[White "Baskin, Robert"]
[Black "Neef, Maximilian"]
[Result "0-1"]
[WhiteElo "2378"]
[BlackElo "2424"]
[PlyCount "64"]
[EventDate "2016.??.??"]

1. e4 e6 2. d4 d5 3. Nc3 Nf6 4. e5 Nfd7 5. f4 c5 6. Nf3 Be7 7. Be3 b6 8. Qd2
O-O 9. Nd1 a5 10. c3 a4 11. Bd3 Ba6 12. O-O Bxd3 13. Qxd3 Nc6 14. f5 a3 15. b3
cxd4 16. cxd4 Nb4 17. Qe2 exf5 18. Bd2 Nb8 19. Ne3 Qd7 20. Bxb4 Bxb4 21. Nh4 g6
22. Qf3 Be7 23. Nhxf5 gxf5 24. Nxf5 Kh8 25. Qh5 Qe6 26. Rf3 Nc6 27. Raf1 Qg6
28. Qh3 Bg5 29. Nd6 f6 30. Nb5 Qe4 31. e6 Nxd4 32. Nd6 Qxe6 0-1

[Event "BL 1516 SV Griesheim - USV TU Dresden"]
[Site "?"]
[Date "2016.03.12"]
[Round "10.7"]
[White "Wegener, Dirk"]
[Black "Walter, Stefan"]
[Result "1/2-1/2"]
[WhiteElo "2333"]
[BlackElo "2405"]
[PlyCount "155"]
[EventDate "2016.??.??"]

1. e4 e5 2. Nf3 Nc6 3. Bb5 a6 4. Ba4 Nf6 5. O-O Be7 6. Re1 b5 7. Bb3 d6 8. c3
O-O 9. h3 Na5 10. Bc2 c5 11. d4 Nd7 12. Nbd2 exd4 13. cxd4 Nc6 14. Nf1 cxd4 15.
Nxd4 Nxd4 16. Qxd4 Ne5 17. Qd1 Bf6 18. Ne3 Be6 19. a4 Nc4 20. axb5 Nxe3 21.
Bxe3 axb5 22. Rxa8 Qxa8 23. Qxd6 Bxb2 24. Qb4 Qa3 25. Qxb5 Qc3 26. Qe2 Rc8 27.
Rd1 g6 28. Bd3 Rd8 29. Ba6 Rxd1+ 30. Qxd1 Qa5 31. Bb7 h5 32. Bd5 Qa1 33. Qxa1
Bxa1 34. Bxe6 fxe6 35. Kf1 Kf7 36. Ke2 Bc3 37. Kd3 Be1 38. Bd4 Bb4 39. Kc4 Be1
40. Kc5 Bd2 41. Kd6 Bf4+ 42. Be5 Bd2 43. Kd7 Be1 44. f3 Bf2 45. Bc7 Bc5 46. Bd8
Bb4 47. g4 hxg4 48. fxg4 Bd2 49. h4 Bf4 50. Bg5 Be5 51. Be3 Bg3 52. h5 gxh5 53.
gxh5 Be5 54. h6 Bb2 55. Kd6 Ba3+ 56. Kc6 Bb2 57. Kb5 Kg6 58. Kc6 Kf7 59. Kd7
Bc3 60. Bf4 Bb2 61. Kc6 Bc3 62. Kc5 Bb2 63. Be3 Ba3+ 64. Kb5 Kg6 65. Kc4 Bb2
66. Kc5 Ba3+ 67. Kc6 Bb2 68. Kd6 Kf7 69. Bg5 Ba3+ 70. Kd7 Bb2 71. h7 Bc3 72.
Bd2 Bb2 73. Bf4 Bc3 74. Bd6 Bb2 75. e5 Kg7 76. Kxe6 Kxh7 77. Kf7 Bxe5 78. Bxe5
1/2-1/2

[Event "BL 1516 SV Griesheim - USV TU Dresden"]
[Site "?"]
[Date "2016.03.12"]
[Round "10.8"]
[White "Spitzl, Vinzent"]
[Black "Vogel, Roven"]
[Result "0-1"]
[WhiteElo "2256"]
[BlackElo "2427"]
[PlyCount "66"]
[EventDate "2016.??.??"]

1. e4 c5 2. Nf3 e6 3. d4 cxd4 4. Nxd4 Nc6 5. Nc3 Qc7 6. Be3 a6 7. Qd2 Nf6 8. f3
Be7 9. O-O-O b5 10. Nb3 Ne5 11. Be2 Bb7 12. Bf4 Rc8 13. g4 b4 14. Bxe5 Qxe5 15.
Na4 d5 16. exd5 Nxd5 17. Kb1 O-O 18. Bd3 Bg5 19. Rhe1 Qf6 20. f4 Nxf4 21. Qxb4
Bf3 22. Bxa6 Bxd1 23. Bxc8 Bxc2+ 24. Kxc2 Rxc8+ 25. Kb1 Nd3 26. Qb7 Rd8 27. Rd1
Nc5 28. Naxc5 Rxd1+ 29. Kc2 Rd8 30. a4 Qf1 31. Qe4 Rc8 32. Kc3 Qf2 33. Kb4 Be7
0-1

[Event "BL 1516 SV Hockenheim - Schachfr. Berli"]
[Site "?"]
[Date "2016.03.12"]
[Round "10.1"]
[White "Vocaturo, Daniele"]
[Black "Wagner, Dennis"]
[Result "1-0"]
[WhiteElo "2557"]
[BlackElo "2583"]
[PlyCount "59"]
[EventDate "2016.??.??"]

1. d4 Nf6 2. c4 g6 3. f3 d5 4. cxd5 Nxd5 5. e4 Nb6 6. Nc3 Bg7 7. Be3 O-O 8. Qd2
e5 9. d5 c6 10. h4 cxd5 11. exd5 N8d7 12. h5 Nf6 13. hxg6 fxg6 14. O-O-O Bd7
15. Kb1 Rc8 16. d6 e4 17. fxe4 Ng4 18. Bg5 Qe8 19. Nf3 Rf7 20. Qe1 Rc5 21. Be7
Rxe7 22. dxe7 Qxe7 23. Nd4 h5 24. Be2 Ne3 25. Rd3 Nbc4 26. Qg3 Kh7 27. Nb3 Bxc3
28. Nxc5 Nd2+ 29. Rxd2 Bxd2 30. Bxh5 1-0

[Event "BL 1516 SV Hockenheim - Schachfr. Berli"]
[Site "?"]
[Date "2016.03.12"]
[Round "10.2"]
[White "Balogh, Csaba"]
[Black "Kraemer, Martin"]
[Result "1/2-1/2"]
[WhiteElo "2641"]
[BlackElo "2566"]
[PlyCount "149"]
[EventDate "2016.??.??"]

1. e4 c5 2. Nf3 d6 3. d4 cxd4 4. Nxd4 Nf6 5. Nc3 a6 6. g3 e6 7. Bg2 Be7 8. O-O
O-O 9. a4 Nc6 10. Be3 Bd7 11. Qe2 Rc8 12. Nb3 Ne5 13. Rfd1 Nc4 14. Bc1 Qb6 15.
Nd4 g6 16. b3 Na5 17. Qd3 Ng4 18. h3 Ne5 19. Qe3 Qc7 20. Nce2 Nec6 21. Nxc6
Nxc6 22. Bb2 e5 23. c4 Be6 24. Ba3 Rfd8 25. Rd3 Rb8 26. Rc1 b6 27. Qd2 Na5 28.
Kh2 Nb7 29. Qc2 Nc5 30. Rdd1 Rdc8 31. Nc3 Bg5 32. Rb1 h5 33. h4 Bh6 34. Nd5
Bxd5 35. Rxd5 Rd8 36. Rbd1 a5 37. Bh3 Qe7 38. Kg2 Kh7 39. Re1 Re8 40. Qd1 Rbd8
41. Qf3 Rf8 42. Red1 Kg7 43. Kg1 Kg8 44. Kh2 Rfe8 45. Kg2 Rf8 46. Re1 Kh7 47.
Qd1 Rfe8 48. Qc2 Rb8 49. Red1 Red8 50. Kf1 Qf6 51. Ke2 Kg8 52. Bb2 Qe7 53. Bc3
Kh7 54. Bb2 Kg8 55. Bc3 Kh7 56. Be1 Na6 57. Kf1 Nc5 58. Kg2 Qf6 59. Bc3 Qe7 60.
Re1 Re8 61. Qd1 Red8 62. Bb2 Ra8 63. Qf3 Rf8 64. Red1 Rad8 65. Ba3 Kg7 66. Kh2
Kg8 67. Kg1 Rfe8 68. b4 axb4 69. Bxb4 Nb7 70. a5 bxa5 71. Bxa5 Nxa5 72. Rxa5
Qc7 73. Rad5 Bf8 74. c5 Be7 75. cxd6 1/2-1/2

[Event "BL 1516 SV Hockenheim - Schachfr. Berli"]
[Site "?"]
[Date "2016.03.12"]
[Round "10.3"]
[White "Schneider, Ilja"]
[Black "Moiseenko, Alexander"]
[Result "0-1"]
[WhiteElo "2489"]
[BlackElo "2668"]
[PlyCount "56"]
[EventDate "2016.??.??"]

1. d4 Nf6 2. Bg5 d5 3. e3 c5 4. Bxf6 gxf6 5. c4 cxd4 6. Qxd4 dxc4 7. Qxd8+ Kxd8
8. Nc3 e6 9. O-O-O+ Ke7 10. Bxc4 Bg7 11. Nge2 Bd7 12. g4 Nc6 13. Nf4 Rhc8 14.
Kb1 Ne5 15. Be2 Nc4 16. Rc1 b5 17. Rhd1 Rab8 18. Nh5 Bh8 19. Ne4 Bc6 20. Bxc4
bxc4 21. Nd6 Rd8 22. Nxc4 Be4+ 23. Ka1 Rxd1 24. Rxd1 Bf3 25. Rd4 f5 26. Rf4
fxg4 27. h3 gxh3 28. Rxf3 Rg8 0-1

[Event "BL 1516 SV Hockenheim - Schachfr. Berli"]
[Site "?"]
[Date "2016.03.12"]
[Round "10.4"]
[White "Buhmann, Rainer"]
[Black "Mista, Aleksander"]
[Result "1-0"]
[WhiteElo "2636"]
[BlackElo "2578"]
[PlyCount "55"]
[EventDate "2016.??.??"]

1. d4 d5 2. Nf3 Nf6 3. c4 c6 4. e3 e6 5. Nbd2 Nbd7 6. Bd3 Be7 7. O-O O-O 8. b3
b6 9. Bb2 Bb7 10. Rc1 Rc8 11. Qe2 c5 12. cxd5 Nxd5 13. Rfd1 cxd4 14. Nxd4 Rxc1
15. Rxc1 Nc5 16. Bb1 Bf6 17. Ne4 Nxe4 18. Bxe4 Qd7 19. h3 g6 20. Nf3 Bxb2 21.
Qxb2 Rc8 22. Rxc8+ Qxc8 23. Ne5 h5 24. Qd4 Qc1+ 25. Kh2 Qe1 26. Bxd5 Bxd5 27.
Qf4 f5 28. Qh6 1-0

[Event "BL 1516 SV Hockenheim - Schachfr. Berli"]
[Site "?"]
[Date "2016.03.12"]
[Round "10.5"]
[White "Piorun, Kacper"]
[Black "Baramidze, David"]
[Result "1/2-1/2"]
[WhiteElo "2655"]
[BlackElo "2590"]
[PlyCount "100"]
[EventDate "2016.??.??"]

1. c4 e6 2. e4 d5 3. exd5 exd5 4. d4 Nf6 5. Nf3 Be7 6. Nc3 O-O 7. Be2 dxc4 8.
Bxc4 Bg4 9. O-O Nc6 10. Be3 Qd7 11. Re1 Rad8 12. h3 Bh5 13. Be2 Nd5 14. Nxd5
Qxd5 15. Qa4 a6 16. Rac1 Rfe8 17. a3 Bd6 18. g4 Bg6 19. Nh4 b5 20. Qd1 Be4 21.
f3 Bg6 22. Bf2 Bf4 23. Rc5 Qd6 24. Ng2 Nxd4 25. Qxd4 Qxd4 26. Bxd4 Bd2 27. Rd1
Rxe2 28. Bc3 Rd7 29. Rc6 h6 30. Rxa6 Bc2 31. Rxd2 Rexd2 32. Bxd2 Rxd2 33. Rc6
Bd1 34. Ne1 Rxb2 35. Rxc7 Rb3 36. Rb7 Bxf3 37. Nxf3 Rxf3 38. Kg2 Rb3 39. Ra7 g6
40. Ra5 Kg7 41. a4 b4 42. Rb5 Kf6 43. a5 Ra3 44. Rxb4 Kg5 45. Rb7 f6 46. Rb6
Rxa5 47. Kg3 Ra3+ 48. Kg2 f5 49. gxf5 gxf5 50. h4+ Kxh4 1/2-1/2

[Event "BL 1516 SV Hockenheim - Schachfr. Berli"]
[Site "?"]
[Date "2016.03.12"]
[Round "10.6"]
[White "Braun, Arik"]
[Black "Jakubowski, Krzysztof"]
[Result "1/2-1/2"]
[WhiteElo "2573"]
[BlackElo "2576"]
[PlyCount "125"]
[EventDate "2016.??.??"]

1. d4 d5 2. c4 e6 3. Nc3 Nf6 4. cxd5 exd5 5. Bg5 c6 6. e3 Nbd7 7. Bd3 Be7 8.
Qc2 O-O 9. Nf3 Re8 10. h3 Nf8 11. Bf4 a5 12. O-O g6 13. a3 Ne6 14. Be5 Nd7 15.
Bh2 Nb6 16. Rad1 a4 17. e4 dxe4 18. Bxe4 Ra5 19. Rfe1 Ng5 20. Nxg5 Bxg5 21. b4
axb3 22. Qxb3 Be6 23. Qb4 Ra7 24. a4 Be7 25. Qb1 Bf6 26. Bc2 Nd5 27. Ne4 Bg7
28. Qb2 b6 29. Be5 Rd7 30. a5 bxa5 31. Ba4 f6 32. Bg3 Nb4 33. Nc5 Rde7 34. Rxe6
Rxe6 35. Qb3 Qd5 36. Qc3 Qf5 37. Nxe6 Qxe6 38. Bb3 Nd5 39. Qxa5 Kh8 40. Rc1 f5
41. Qc5 g5 42. Bd6 Rd8 43. Bc7 Ra8 44. Be5 Bxe5 45. dxe5 Rb8 46. Ba4 Nf4 47.
Qe3 Qa2 48. Bxc6 Ne2+ 49. Kh2 Nxc1 50. e6 Qa5 51. e7 Qc7+ 52. g3 Nd3 53. e8=R+
Rxe8 54. Qxe8+ Kg7 55. Bd5 f4 56. Qg8+ Kh6 57. Qf8+ Qg7 58. Qd6+ Qg6 59. Qe7
fxg3+ 60. fxg3 Qf5 61. Qd6+ Kg7 62. Qe7+ Kh6 63. Qd6+ 1/2-1/2

[Event "BL 1516 SV Hockenheim - Schachfr. Berli"]
[Site "?"]
[Date "2016.03.12"]
[Round "10.7"]
[White "Sprenger, Jan Michael"]
[Black "Boguslavskyy, Oleg"]
[Result "1-0"]
[WhiteElo "2495"]
[BlackElo "2462"]
[PlyCount "67"]
[EventDate "2016.??.??"]

1. e4 c5 2. Nf3 Nc6 3. d4 cxd4 4. Nxd4 e5 5. Nb5 d6 6. N1c3 a6 7. Na3 b5 8. Nd5
Nge7 9. c4 Nd4 10. Be3 Nxd5 11. cxd5 Be7 12. Bd3 O-O 13. O-O Bd7 14. Qd2 Rc8
15. f4 f5 16. Bxd4 fxe4 17. Bxe4 exd4 18. Nc2 Bf6 19. Nb4 a5 20. Nc6 Bxc6 21.
dxc6 d5 22. Bd3 Rxc6 23. Bxb5 Re6 24. a4 d3 25. Rad1 Bd4+ 26. Kh1 Be3 27. Qxd3
Rxf4 28. Rfe1 Qg5 29. Qxd5 Qxd5 30. Rxd5 Kf7 31. g3 Rfe4 32. Bd7 Rf6 33. Rd3
Ke7 34. Bh3 1-0

[Event "BL 1516 SV Hockenheim - Schachfr. Berli"]
[Site "?"]
[Date "2016.03.12"]
[Round "10.8"]
[White "De Silva, Joel Niels"]
[Black "Thiede, Lars"]
[Result "0-1"]
[WhiteElo "2126"]
[BlackElo "2418"]
[PlyCount "102"]
[EventDate "2016.??.??"]

1. e4 d6 2. d4 Nf6 3. Nc3 e5 4. dxe5 dxe5 5. Qxd8+ Kxd8 6. Bc4 Ke8 7. Nge2 c6
8. a4 a5 9. O-O Na6 10. Be3 Nd7 11. Rfd1 Bc5 12. Bxa6 Bxe3 13. Bxb7 Bxf2+ 14.
Kxf2 Bxb7 15. Ke3 Ke7 16. b3 Nc5 17. Rd2 Rad8 18. Rad1 Rxd2 19. Rxd2 g6 20. g3
Bc8 21. Nc1 Ba6 22. Nd1 f6 23. Nf2 Ne6 24. h4 h5 25. Nfd3 Rd8 26. Ne2 Bxd3 27.
Rxd3 Rxd3+ 28. Kxd3 Nc5+ 29. Ke3 f5 30. exf5 gxf5 31. Ng1 Kf6 32. Ne2 Ke6 33.
Nc3 Kd6 34. Ne2 Ne6 35. Nc1 e4 36. Ne2 Ke5 37. Nc3 Nd4 38. Kd2 f4 39. gxf4+
Kxf4 40. Ne2+ Nxe2 41. Kxe2 c5 42. Kf2 e3+ 43. Ke2 Ke4 44. c3 Kf4 45. Ke1 Kf3
46. Kf1 e2+ 47. Ke1 Ke3 48. b4 axb4 49. cxb4 cxb4 50. a5 b3 51. a6 b2 0-1

[Event "BL 1516 Hansa Dortmund - SG Solingen"]
[Site "?"]
[Date "2016.03.12"]
[Round "10.1"]
[White "Harikrishna, Pentala"]
[Black "Donchenko, Alexander"]
[Result "1-0"]
[WhiteElo "2758"]
[BlackElo "2572"]
[PlyCount "75"]
[EventDate "2016.??.??"]

1. e4 c5 2. Nf3 d6 3. c3 Nf6 4. Be2 g6 5. O-O Bg7 6. Bb5+ Nbd7 7. Re1 a6 8. Bf1
O-O 9. d4 Qc7 10. h3 cxd4 11. cxd4 b5 12. a3 d5 13. e5 Ne4 14. Nbd2 Bb7 15.
Nxe4 dxe4 16. Ng5 Qb6 17. Qg4 Rad8 18. Be3 Qc6 19. Rac1 Qd5 20. Rc7 h5 21. Qg3
Rc8 22. Rec1 Rxc7 23. Rxc7 Bc6 24. Qh4 Rd8 25. g4 f6 26. gxh5 gxh5 27. Qxh5
fxg5 28. Qg6 Ba8 29. e6 Nf8 30. Qf7+ Kh8 31. Rxe7 Bxd4 32. Rc7 Be5 33. Qh5+ Kg8
34. Qxg5+ Kh8 35. Qh4+ Kg8 36. Qg4+ Kh8 37. Rc5 Qxe6 38. Qh4+ 1-0

[Event "BL 1516 Hansa Dortmund - SG Solingen"]
[Site "?"]
[Date "2016.03.12"]
[Round "10.2"]
[White "Mons, Léon"]
[Black "Ragger, Markus"]
[Result "1/2-1/2"]
[WhiteElo "2452"]
[BlackElo "2694"]
[PlyCount "87"]
[EventDate "2016.??.??"]

1. d4 Nf6 2. c4 g6 3. Nf3 Bg7 4. Nc3 d5 5. cxd5 Nxd5 6. e3 O-O 7. Bc4 Nb6 8.
Bb3 c5 9. O-O cxd4 10. exd4 Nc6 11. d5 Na5 12. h3 Bf5 13. Re1 Re8 14. Bg5 Bxc3
15. bxc3 Nxb3 16. axb3 Qxd5 17. Qxd5 Nxd5 18. c4 h6 19. Bd2 Nc7 20. Bxh6 a6 21.
Be3 Rac8 22. Bb6 Ne6 23. Nd4 Nxd4 24. Bxd4 Rcd8 25. Bb6 Rd3 26. Re3 Rxe3 27.
Bxe3 Rd8 28. Bc5 Rd7 29. Re1 Kf8 30. Re2 Bd3 31. Rd2 Ke8 32. f3 Bb1 33. Re2 e6
34. Kf2 Rd1 35. Be3 Kd7 36. Rb2 Bd3 37. Rd2 Rxd2+ 38. Bxd2 b6 39. Ke3 Bb1 40.
Kd4 f6 41. h4 e5+ 42. Kc3 f5 43. Be3 Kc6 44. g3 1/2-1/2

[Event "BL 1516 Hansa Dortmund - SG Solingen"]
[Site "?"]
[Date "2016.03.12"]
[Round "10.3"]
[White "Smeets, Jan"]
[Black "Zelbel, Patrick"]
[Result "1-0"]
[WhiteElo "2602"]
[BlackElo "2440"]
[PlyCount "79"]
[EventDate "2016.??.??"]

1. e4 e5 2. Nf3 Nc6 3. Bb5 a6 4. Ba4 Nf6 5. O-O Be7 6. Re1 b5 7. Bb3 d6 8. c3
O-O 9. d4 exd4 10. cxd4 d5 11. e5 Ne4 12. Nbd2 Nxd2 13. Bxd2 Bg4 14. Qc2 Nb4
15. Qc3 Bf5 16. Red1 Rb8 17. Be3 Rb6 18. Ne1 a5 19. a3 Nc6 20. a4 Bb4 21. Qc1
bxa4 22. Bxa4 Ne7 23. Nc2 Qb8 24. Nxb4 Rxb4 25. Qc5 Nc8 26. b3 Qb6 27. Rdc1 Qg6
28. Kh1 Rb6 29. Qxc7 Bh3 30. Rg1 Qe4 31. Rae1 Rg6 32. f3 Bxg2+ 33. Rxg2 Qxf3
34. Qc2 Ne7 35. Qf2 Qe4 36. Bd7 f6 37. Be6+ Kh8 38. Kg1 Nc6 39. Rxg6 Qxg6+ 40.
Qg2 1-0

[Event "BL 1516 Hansa Dortmund - SG Solingen"]
[Site "?"]
[Date "2016.03.12"]
[Round "10.4"]
[White "Wegener, Olaf"]
[Black "Sandipan, Chanda"]
[Result "0-1"]
[WhiteElo "2440"]
[BlackElo "2577"]
[PlyCount "192"]
[EventDate "2016.??.??"]

1. e4 c5 2. Nf3 d6 3. d4 cxd4 4. Nxd4 Nf6 5. Nc3 a6 6. Be3 e6 7. f3 b5 8. Qd2
b4 9. Na4 Nbd7 10. O-O-O Qa5 11. b3 Bb7 12. Kb1 Nc5 13. a3 Nxa4 14. axb4 Qc7
15. bxa4 d5 16. e5 Nd7 17. f4 Nb6 18. Nb3 Nxa4 19. Bd4 Rc8 20. Bd3 Be7 21. Rc1
Nc3+ 22. Bxc3 Qxc3 23. Qxc3 Rxc3 24. b5 axb5 25. Bxb5+ Bc6 26. Bxc6+ Rxc6 27.
c4 dxc4 28. Na5 Rb6+ 29. Kc2 O-O 30. Nxc4 Rc6 31. Kd3 Rd8+ 32. Ke4 Rdc8 33. Kd3
g5 34. g3 R6c7 35. Rhd1 Kg7 36. Rc2 Kg6 37. Rdd2 Bb4 38. Re2 Rd8+ 39. Ke4 Rcd7
40. Kf3 h5 41. fxg5 Kxg5 42. Kg2 Kg6 43. Rb2 Bc5 44. Rb5 Ba7 45. Ra5 Bd4 46.
Re4 Rc7 47. Ra4 Rd5 48. Kf3 Rcc5 49. Kf4 Bg1 50. Kf3 Bd4 51. Ne3 Bxe3 52. Rxe3
Rxe5 53. Rxe5 Rxe5 54. Ra8 Rb5 55. h4 f6 56. Rg8+ Kf5 57. Rh8 Rb3+ 58. Kg2 Kg6
59. Rg8+ Kh7 60. Re8 e5 61. Kf2 Kg6 62. Rh8 Ra3 63. Kg2 e4 64. Rg8+ Kf5 65. Kf2
Ra7 66. Ke3 Ra2 67. Rg7 Ra3+ 68. Ke2 Ke6 69. Kd2 f5 70. Ke2 Rf3 71. Rg5 Kf6 72.
Kd2 Ke5 73. Ke2 Ra3 74. Rg8 Rb3 75. Re8+ Kf6 76. Rg8 Ke6 77. Rg6+ Kf7 78. Rg5
Kf6 79. Rg8 Rb7 80. Kf2 Rd7 81. Rg5 Rh7 82. Rg8 Rh6 83. Rg5 Rh8 84. Ke3 Ke5 85.
Ke2 Rh7 86. Kf2 Kf6 87. Rg8 Ra7 88. Rg5 Ra2+ 89. Ke3 Rg2 90. Rg8 Ke6 91. Rg5
Ke5 92. Rg8 Rxg3+ 93. Rxg3 f4+ 94. Kf2 fxg3+ 95. Kxg3 Kf5 96. Kf2 Ke5 0-1

[Event "BL 1516 Hansa Dortmund - SG Solingen"]
[Site "?"]
[Date "2016.03.12"]
[Round "10.5"]
[White "Nikolic, Predrag"]
[Black "Mainka, Romuald"]
[Result "1-0"]
[WhiteElo "2614"]
[BlackElo "2406"]
[PlyCount "55"]
[EventDate "2016.??.??"]

1. d4 Nf6 2. Nf3 g6 3. g3 Bg7 4. Bg2 O-O 5. O-O d5 6. c4 c6 7. b3 Bf5 8. Bb2 a5
9. Nc3 Ne4 10. Rc1 Nxc3 11. Bxc3 Be4 12. e3 a4 13. cxd5 Qxd5 14. Ne1 Bxg2 15.
Nxg2 axb3 16. Nf4 Qb5 17. Qxb3 Qxb3 18. axb3 Nd7 19. Bb4 Rfe8 20. d5 Ne5 21.
Rfd1 Ra6 22. Bc5 b6 23. Bxe7 Rxe7 24. dxc6 Re8 25. c7 Raa8 26. Nd5 Rac8 27.
Nxb6 Bf6 28. b4 1-0

[Event "BL 1516 Hansa Dortmund - SG Solingen"]
[Site "?"]
[Date "2016.03.12"]
[Round "10.7"]
[White "Naumann, Alexander"]
[Black "Karger, Frank"]
[Result "1-0"]
[WhiteElo "2549"]
[BlackElo "2275"]
[PlyCount "91"]
[EventDate "2016.??.??"]

1. d4 Nf6 2. c4 g6 3. Nf3 Bg7 4. g3 O-O 5. Bg2 d6 6. O-O Nc6 7. Nc3 Rb8 8. Bf4
a6 9. Rc1 Bd7 10. Qd2 Re8 11. Rfd1 b5 12. Nd5 bxc4 13. Nxf6+ Bxf6 14. Rxc4 e6
15. b3 Ne7 16. e4 Bb5 17. Rc2 Bc6 18. Bg5 Bxg5 19. Nxg5 h6 20. Nh3 Kh7 21. Rdc1
Ba8 22. Rxc7 Rc8 23. Qc3 d5 24. Rxc8 Nxc8 25. e5 Ne7 26. Nf4 Nc6 27. h4 Qb6 28.
h5 g5 29. Ne2 Kg8 30. Qe3 Ne7 31. g4 Bc6 32. Rc5 Bb5 33. Nc3 Rc8 34. Rxc8+ Nxc8
35. a4 Be8 36. Ne2 Ne7 37. f4 gxf4 38. Nxf4 Nc6 39. Ne2 Na5 40. Qxh6 Qxb3 41.
Qg5+ Kf8 42. Kh2 Qc2 43. Nf4 Nc6 44. Qf6 Kg8 45. Ng6 fxg6 46. h6 1-0

[Event "BL 1516 Hansa Dortmund - SG Solingen"]
[Site "?"]
[Date "2016.03.12"]
[Round "10.8"]
[White "Schroeder, Kevin"]
[Black "Handke, Florian"]
[Result "1/2-1/2"]
[WhiteElo "2319"]
[BlackElo "2525"]
[PlyCount "107"]
[EventDate "2016.??.??"]

1. d4 d5 2. c4 c6 3. Nf3 Nf6 4. Nc3 a6 5. cxd5 cxd5 6. Bf4 Nc6 7. e3 Bg4 8. h3
Bxf3 9. Qxf3 Qb6 10. Qe2 Ne4 11. Qc2 Qa5 12. Qb3 Nxc3 13. bxc3 e6 14. Bd3 Ra7
15. O-O Ba3 16. e4 dxe4 17. Bxe4 O-O 18. Be3 Nd8 19. c4 Ra8 20. Qd3 f5 21. Bf3
Be7 22. Rab1 Qc7 23. Rfd1 Kh8 24. d5 exd5 25. Qxd5 Rc8 26. Qd7 f4 27. Bc1 Bf6
28. Bxf4 Qxd7 29. Rxd7 Rxc4 30. Be3 Ra4 31. Bd5 h6 32. Rc1 Nc6 33. Rxb7 Nd4 34.
Rc4 Ne2+ 35. Kf1 Rxa2 36. Rcc7 Ra5 37. Bc4 Nc3 38. g4 Nd5 39. Bc5 Nf4 40. Rb1
Rd8 41. Rc6 Ra8 42. Be3 Nxh3 43. Bxh6 Ng5 44. Kg2 Rf8 45. Bxg5 Bxg5 46. Rh1+
Bh6 47. Rxa6 Rxa6 48. Bxa6 Rf4 49. Kg3 Ra4 50. Bb5 Rb4 51. Bc6 Kg8 52. Rh5 Bf4+
53. Kf3 g5 54. Kg2 1/2-1/2

[Event "BL 1516 SV Mülheim Nord - SG Turm Trie"]
[Site "?"]
[Date "2016.03.12"]
[Round "10.1"]
[White "Erdos, Viktor"]
[Black "Tregubov, Pavel V"]
[Result "0-1"]
[WhiteElo "2589"]
[BlackElo "2581"]
[PlyCount "163"]
[EventDate "2016.??.??"]

1. c4 e5 2. Nc3 Nf6 3. g3 Bc5 4. Bg2 Nc6 5. d3 d6 6. Nf3 h6 7. O-O O-O 8. a3 a6
9. b4 Ba7 10. Bb2 Nd4 11. Nxd4 exd4 12. Nb1 Re8 13. Nd2 Rb8 14. a4 Bg4 15. Re1
Qd7 16. Nf3 c5 17. Qd2 Rbd8 18. a5 d5 19. cxd5 Nxd5 20. bxc5 Bxc5 21. Ba3 Ba7
22. Bb2 Nc7 23. Qf4 Nd5 24. Qd2 Bc5 25. Ba3 Bxa3 26. Rxa3 Nc7 27. Raa1 Nb5 28.
Rac1 Qd6 29. Qb2 Re7 30. Nd2 Rde8 31. Bf3 Bxf3 32. Nxf3 Qd8 33. Qd2 Re6 34. Rc4
g5 35. h3 Kg7 36. Kf1 f6 37. Qb4 Qd5 38. Qc5 Rd8 39. Qxd5 Rxd5 40. Rb1 h5 41.
Rbb4 Red6 42. g4 Rd7 43. Ra4 Kg6 44. Rab4 h4 45. Ra4 Kf7 46. Ke1 Ke7 47. Kd2
R7d6 48. Ke1 Rc6 49. Kd2 Kd7 50. Rxc6 bxc6 51. Ra1 Nc7 52. e4 dxe3+ 53. fxe3
Rb5 54. Nd4 Rb2+ 55. Nc2 Nd5 56. Kc1 Rb3 57. Kd2 c5 58. Ra4 Rb1 59. Rc4 Kd6 60.
d4 cxd4 61. Nxd4 Ne7 62. Rc3 Rh1 63. Rb3 Nd5 64. e4 Nf4 65. Rb6+ Ke5 66. Ke3
Re1+ 67. Kd2 Ra1 68. Nc6+ Kxe4 69. Rxa6 Nxh3 70. Ra8 Nf2 71. Kc2 Nd3 72. Re8+
Kd5 73. Ne7+ Kc4 74. Kd2 Rxa5 75. Nf5 Ra2+ 76. Ke3 Ne5 77. Ke4 Re2+ 78. Ne3+
Kc3 79. Rc8+ Kd2 80. Rc2+ Ke1 81. Rc1+ Kf2 82. Kd4 0-1

[Event "BL 1516 SV Mülheim Nord - SG Turm Trie"]
[Site "?"]
[Date "2016.03.12"]
[Round "10.2"]
[White "Fridman, Daniel"]
[Black "Lupulescu, Constantin"]
[Result "1/2-1/2"]
[WhiteElo "2624"]
[BlackElo "2624"]
[PlyCount "51"]
[EventDate "2016.??.??"]

1. d4 Nf6 2. Nf3 d5 3. c4 e6 4. Nc3 Be7 5. Bf4 O-O 6. e3 Nbd7 7. cxd5 Nxd5 8.
Nxd5 exd5 9. Bd3 c5 10. O-O c4 11. Bc2 b5 12. b3 Nf6 13. bxc4 bxc4 14. Ne5 Bd7
15. Rb1 Qc8 16. Bg5 h6 17. Bh4 Rd8 18. f3 Be8 19. Be1 Qa6 20. a4 Rab8 21. Bc3
Rxb1 22. Qxb1 Bd6 23. Qe1 Rb8 24. Qd2 Qb7 25. a5 Qe7 26. Ra1 1/2-1/2

[Event "BL 1516 SV Mülheim Nord - SG Turm Trie"]
[Site "?"]
[Date "2016.03.12"]
[Round "10.3"]
[White "Parligras, Mircea-Emilian"]
[Black "Landa, Konstantin"]
[Result "1/2-1/2"]
[WhiteElo "2582"]
[BlackElo "2624"]
[PlyCount "113"]
[EventDate "2016.??.??"]

1. d4 d5 2. c4 e6 3. Nf3 Nf6 4. Nc3 Be7 5. Bf4 O-O 6. a3 dxc4 7. e3 Nd5 8. Bxc4
Nxf4 9. exf4 c5 10. O-O cxd4 11. Qxd4 Qxd4 12. Nxd4 Bd7 13. Rfd1 Nc6 14. Ndb5
Rfd8 15. Be2 Na5 16. b4 Bxb5 17. Nxb5 Nc6 18. Rxd8+ Rxd8 19. Rd1 Rxd1+ 20. Bxd1
a6 21. Nc3 Nd4 22. Kf1 a5 23. Na2 axb4 24. axb4 g6 25. g3 h5 26. h4 Kf8 27. Ke1
Ke8 28. Kd2 Kd7 29. Kd3 Nf5 30. Bf3 Kc7 31. Kc4 b5+ 32. Kd3 Kb6 33. Be4 Nd6 34.
Bf3 Nc4 35. Kc3 Bf6+ 36. Kd3 Be7 37. Kc3 Bf6+ 38. Kd3 Nb2+ 39. Ke3 Be7 40. Kd4
Bf6+ 41. Ke3 Kc7 42. Nc1 Kd6 43. Nb3 Nc4+ 44. Kd3 Nb2+ 45. Ke3 Bd8 46. Ke2 Bb6
47. Nd2 f5 48. Bb7 Na4 49. Nb1 Bd4 50. Na3 Nc3+ 51. Kd3 Bf6 52. f3 Kc7 53. Ba6
Kc6 54. Bc8 Kd6 55. Ba6 Kc6 56. Bc8 Kd6 57. Ba6 1/2-1/2